000 00953nas a2200289 4500
001 BR9901712
003 BR-BrBNA
005 20231205101338.0
007 ta
008 230509b bl.|||p| |||| 00| 00por d
040 _aBR-BrBNA
_bpor
_cBiblioteca Nacional de Agricultura
041 _a(Pt)
072 _aL73
100 1 _aMunhoz, A.D.
100 1 _aAlbuquerque, G.R.
100 1 _aFausino, W.
100 1 _aMedeiros, S.M. de
100 1 _aLopes, C.W.G.
245 1 _aAvaliacao experimental da infeccao de camundongos albinos com taquizoitos de Toxoplasma Gondii Nicolle Manceaux, 1909, isolado de uma infeccao natural
650 _aCamundongo
650 _aToxoplasmose
650 _aInfeccao
650 _aAnalise de Laboratorio
773 0 _tRevista Brasileira de Medicina Veterinaria (Brazil)
_xISSN 0100-2430
_g(Nov-Dec 1998), v. 20(6) p. 236-240
_wBR9901712
909 _a202311
_bLúcia
_c55
_dLúcia Elande
942 _2AGRIS
_n0
_cANA
999 _c161280
_d161280